|
|
|
|
| LEADER |
00000nam0a2200000 4500 |
| 001 |
169526 |
| 005 |
20231031163440.0 |
| 035 |
|
|
|a (RuTPU)RU\TPU\book\183886
|
| 090 |
|
|
|a 169526
|
| 100 |
|
|
|a 20091113d1959 k y0rusy50 ca
|
| 101 |
0 |
|
|a rus
|
| 102 |
|
|
|a RU
|
| 105 |
|
|
|a a z 001zy
|
| 200 |
1 |
|
|a Выключатели высокого напряжения
|e доклады Международной конференции по электрическим системам (CIGRE) 1958 г.
|h Вып. 3
|f под ред. Г. В. Буткевича
|
| 210 |
|
|
|a Москва
|c Госэнергоиздат
|d 1959
|a Ленинград
|
| 215 |
|
|
|a 128 с.
|c ил.
|
| 225 |
1 |
|
|a Энергетика за рубежом
|
| 320 |
|
|
|a Библиогр. в конце докл.
|
| 610 |
1 |
|
|a электрические системы
|
| 610 |
1 |
|
|a Париж
|
| 610 |
1 |
|
|a выключатели
|
| 610 |
1 |
|
|a высокое напряжение
|
| 675 |
|
|
|a 621.316.5
|v 3
|
| 702 |
|
1 |
|a Буткевич
|b Г. В.
|4 340
|
| 712 |
1 |
2 |
|a Международная конференция по электрическим системам
|c доклады
|e Париж
|f 1958
|
| 801 |
|
1 |
|a RU
|b 63413507
|c 20091113
|
| 801 |
|
2 |
|a RU
|b 63413507
|c 20100916
|g RCR
|
| 942 |
|
|
|c BK
|